000 00398cam a2200157ua 4500
003 OSt
008 250707b |||||||| |||| 00| 0 eng d
041 _aeng
082 _a624.18341
_bBAI/PE
100 _aBaikov, V .
_97623
245 _aReinforced concrete structures, Vol 1 /
260 _aMoscow :
_bMir publishers ,
_c1981.
300 _a272 ; .
700 1 _aSigalov, E .
_97624
942 _cBK
999 _c7297
_d7297